header

Fatigue and fracture behavior of high temperature materials : (Record no. 97903)

MARC details
000 -LEADER
fixed length control field 02281nam a2200397 i 4500
001 - CONTROL NUMBER
control field ebr10851643
003 - CONTROL NUMBER IDENTIFIER
control field CaPaEBR
006 - FIXED-LENGTH DATA ELEMENTS--ADDITIONAL MATERIAL CHARACTERISTICS--GENERAL INFORMATION
fixed length control field m o d
007 - PHYSICAL DESCRIPTION FIXED FIELD--GENERAL INFORMATION
fixed length control field cr cn|||||||||
008 - FIXED-LENGTH DATA ELEMENTS--GENERAL INFORMATION
fixed length control field 140407t20002000paua ob 001 0 eng d
020 ## - INTERNATIONAL STANDARD BOOK NUMBER
Cancelled/invalid ISBN 9781118000380
International Standard Book Number 9781118787960 (e-book)
040 ## - CATALOGING SOURCE
Original cataloging agency CaPaEBR
Language of cataloging eng
Description conventions rda
-- pn
Transcribing agency CaPaEBR
035 ## - SYSTEM CONTROL NUMBER
System control number (OCoLC)861755507
050 14 - LIBRARY OF CONGRESS CALL NUMBER
Classification number TA417.7.H55
Item number .F38 2000eb
082 04 - DEWEY DECIMAL CLASSIFICATION NUMBER
Classification number 620.1/126
Edition number 21
245 00 - TITLE STATEMENT
Title Fatigue and fracture behavior of high temperature materials :
Remainder of title proceedings of a symposium sponsored by the Structural Materials Division (SMD) of TMS (the Minerals, Metals & Materials Society), held at the 2000 TMS Fall Meeting in St. Louis, Missouri, USA, October 8-12, 2000 /
Statement of responsibility, etc edited by Peter K. Liaw.
264 #1 - PRODUCTION, PUBLICATION, DISTRIBUTION, MANUFACTURE, AND COPYRIGHT NOTICE
Place of production, publication, distribution, manufacture Warrendale, Pennsylvania :
Name of producer, publisher, distributor, manufacturer The Minerals, Metals & Society Society,
Date of production, publication, distribution, manufacture, or copyright notice 2000.
Date of production, publication, distribution, manufacture, or copyright notice �2000
300 ## - PHYSICAL DESCRIPTION
Extent 1 online resource (119 pages) :
Other physical details illustrations
336 ## - CONTENT TYPE
Content type term text
Source rdacontent
337 ## - MEDIA TYPE
Media type term computer
Source rdamedia
338 ## - CARRIER TYPE
Carrier type term online resource
Source rdacarrier
504 ## - BIBLIOGRAPHY, ETC. NOTE
Bibliography, etc Includes bibliographical references and index.
590 ## - LOCAL NOTE (RLIN)
Local note Electronic reproduction. Palo Alto, Calif. : ebrary, 2014. Available via World Wide Web. Access may be limited to ebrary affiliated libraries.
650 #0 - SUBJECT ADDED ENTRY--TOPICAL TERM
Topical term or geographic name as entry element Materials at high temperatures
Form subdivision Congresses.
Topical term or geographic name as entry element Materials
General subdivision Fatigue
Form subdivision Congresses.
Topical term or geographic name as entry element Fracture mechanics
Form subdivision Congresses.
655 #0 - INDEX TERM--GENRE/FORM
Genre/form data or focus term Electronic books.
700 1# - ADDED ENTRY--PERSONAL NAME
Personal name iaw, P. K.
Fuller form of name (Peter K.),
Relator term editor.
710 2# - ADDED ENTRY--CORPORATE NAME
Corporate name or jurisdiction name as entry element Minerals, Metals and Materials Society.
Subordinate unit Structural Materials Division.
Corporate name or jurisdiction name as entry element Minerals, Metals and Materials Society.
Subordinate unit Fall Meeting
Date of meeting or treaty signing (2000 :
Location of meeting Saint Louis, Missouri)
776 08 - ADDITIONAL PHYSICAL FORM ENTRY
Display text Print version:
Title Fatigue and fracture behavior of high temperature materials : proceedings of a symposium sponsored by the Structural Materials Division (SMD) of TMS (the Minerals, Metals & Materials Society), held at the 2000 TMS Fall Meeting in St. Louis, Missouri, USA, October 8-12, 2000.
Place, publisher, and date of publication Warrendale, Pennsylvania : The Minerals, Metals & Society Society, c2000
Physical description vii, 99 pages
International Standard Book Number 9781118000380
Record control number 2002510353
797 2# - LOCAL ADDED ENTRY--CORPORATE NAME (RLIN)
Corporate name or jurisdiction name as entry element ebrary.
856 40 - ELECTRONIC LOCATION AND ACCESS
Uniform Resource Identifier <a href="http://site.ebrary.com/lib/rucke/Doc?id=10851643">http://site.ebrary.com/lib/rucke/Doc?id=10851643</a>
Public note An electronic book accessible through the World Wide Web; click to view

No items available.

© 2026 Rongo University
Contact us: librarian | system librarian | Rongo university